Movie Climax Locations Quiz Stats

 Plays Quiz Updated Sep 18, 2015

Challenge
Share
Tweet
Embed
Score 0/30 Timer 07:00
0 Plays Today
Location Answer % Correct
Atop the Empire State BuildingKing Kong
79.2%
Pride RockThe Lion King
71.5%
Hill Valley Clock TowerBack to the Future
69.6%
The ColosseumGladiator
69.3%
Indiana state basketball championshipHoosiers
54.5%
Notre Dame StadiumRudy
52.7%
Buffalo Bill's basementThe Silence of the Lambs
52%
Ministry of Magic atriumHarry Potter and the Order of the Phoenix
49.6%
The Red SeaThe Ten Commandments
49.4%
Overlook Hotel hedge mazeThe Shining
48.5%
Wally WorldNational Lampoon's Vacation
47%
Faber College homecoming paradeAnimal House
43.4%
The Senate floorMr. Smith Goes to Washington
41.2%
Inside the vault of Robert Fischer's mindInception
40.8%
Nonnberg Abbey - Salzburg, AustriaThe Sound of Music
39.3%
Location Answer % Correct
Beneath Trinity Church, Heere at the WallNational Treasure
36.7%
Face of Mt. RushmoreNorth by Northwest
35.6%
Zalinsky Auto Parts boardroomTommy Boy
32.8%
Torch of the Statue of LibertyX-Men
31.2%
Isla de MuertaPirates of the Caribbean: The Curse of the Black Pearl
30.2%
Fort KnoxGoldfinger
25.5%
Duloc CathedralShrek
22.4%
Devils TowerClose Encounters of the Third Kind
20.4%
San Diego ZooAnchorman
20.4%
Chicago Hilton Hotel laundry floorThe Fugitive
18.8%
Mission San Juan Bautista bell towerVertigo
17.6%
Tri-County LandfillToy Story 3
16.5%
Nostromo lifeboatAlien
16.5%
Astoria Elementary School bathroomKindergarten Cop
15.1%
The Channel TunnelMission: Impossible
13.9%

You're not logged in!

Compare scores with friends on all Sporcle quizzes.
Join for Free
OR
Log In

You Might Also Like...

Show Comments

Extras

Top Quizzes Today


Score Distribution

Your Account Isn't Verified!

In order to create a playlist on Sporcle, you need to verify the email address you used during registration. Go to your Sporcle Settings to finish the process.

Report this User

Report this user for behavior that violates our Community Guidelines.

Details: